Purple Vegetables - Statistics

General Stats
  • This quiz has been taken 249 times
  • The average score is 4 of 13
Answer Stats
Hint Answer % Correct
Eggplant
89%
Cabbage
63%
Potato
49%
Onion
46%
Carrot
45%
Radish
30%
Cauliflower
25%
Beans
13%
Asparagus
12%
Bell Pepper
10%
Artichoke
8%
Taro
3%
Brussels Sprout
2%
No matching quizzes found
Score Distribution
Percent of People with Each Score
Percentile by Number Answered
Your Score History
You have not taken this quiz